Effectif AS Monaco saison 2024/2025 - Statistiques

Statistiques générales
  • Ce quiz a été pris 950 fois
    265 depuis la dernière actualisation
  • Le résultat moyen est 17 sur 27
Statistiques - réponses
Hint Réponse % Correct
M Maghnes Akliouche
87%
A Breel Embolo
86%
M Eliesse Ben Seghir
85%
M Alexandr Golovin
82%
A Folarin Balogun
82%
D Vanderson
82%
D Caio Henrique
81%
M Denis Zakaria
80%
Coach Adi Hütter
79%
G Philipp Köhn
77%
A Takumi Minamino
77%
D Wilfried Singo
77%
M Mohamed Camara
74%
G Radosław Majecki
74%
D Thilo Kehrer
72%
D Mohammed Salisu
62%
A Krépin Diatta
57%
M Soungoutou Magassa
56%
A George Ilenikhena
54%
D Christian Mawissa
50%
G Yann Lienard
50%
D Kassoum Ouattara
45%
D Jordan Teze
41%
M Eliot Matazo
40%
M Edan Diop
31%
D Ismail Jakobs
21%
M Mamadou Coulibaly
14%
Aucun quiz correspondant
Distribution des résultats
% des personnes avec chaque résultat
Percentile par nombre de réponses
Votre historique - résultats
Vous n’avez pas pris ce quiz depuis la dernière actualisation